STN ISO/IEC 27005: Informačné technológie, bezpečnostné metódy riadenia rizík informačnej bezpečnosti slovenská technická norma

Enregistré dans:
Détails bibliographiques
Format: Livre
Langue:slovaque
anglais
français
Publié: Bratislava Slovenský ústav technickej normalizácie 2012
Sujets:
Tags: Ajouter un tag
Pas de tags, Soyez le premier à ajouter un tag!

MARC

LEADER 00000nam a2200000 4500
001 0200803
005 20230109114935.9
041 0 |a slo 
041 0 |a eng 
041 0 |a fre 
245 1 0 |a STN ISO/IEC 27005: Informačné technológie, bezpečnostné metódy riadenia rizík informačnej bezpečnosti  |b slovenská technická norma 
264 1 |a Bratislava  |b Slovenský ústav technickej normalizácie  |c 2012 
300 |a 116 s. 
500 |a Táto norma nahrádza TNI ISO/IEC TR 13335-3 z apríla 2002 a TNI ISO/IEC TR 13335-4 z apríla 2002 
610 2 0 |a technológie informačné 
610 2 0 |a bezpečnosť 
610 2 0 |a metódy 
610 2 0 |a bezpečnosť informačná 
610 2 0 |a riadenie rizík 
610 2 0 |a Slovensko